Catálogo - Centro de Recursos para el Aprendizaje y la Investigación

Volver al Sitio - CRAI Biblioteca

El deslinde y el amojonamiento / (Registro nro. 113988)

Detalles MARC
000 -CABECERA
campo de control de longitud fija 01283nam a2200277 4500
001 - NÚMERO DE CONTROL
campo de control 113988
003 - IDENTIFICADOR DEL NÚMERO DE CONTROL
campo de control DR-UNIBE
005 - FECHA Y HORA DE LA ÚLTIMA TRANSACCIÓN
campo de control 20250731094103.0
008 - DATOS DE LONGITUD FIJA--INFORMACIÓN GENERAL
campo de control de longitud fija 250731b2008 pn ||||| |||| 00| 0 spa d
020 ## - NÚMERO INTERNACIONAL ESTÁNDAR DEL LIBRO
Número Internacional Estándar del Libro 9789962670063
040 ## - FUENTE DE LA CATALOGACIÓN
Centro catalogador/agencia de origen BIBLIOTECA UNIBE
Lengua de catalogación spa
Centro/agencia transcriptor BIBLIOTECA UNIBE
Normas de descripción rda
041 ## - CÓDIGO DE LENGUA
Código de lengua del texto/banda sonora o título independiente spa
082 ## - NÚMERO DE LA CLASIFICACIÓN DECIMAL DEWEY
Número de edición 22
Número de clasificación 345.17287 J869d
100 10 - ENTRADA PRINCIPAL--NOMBRE DE PERSONA
Nombre de persona Jovel Sánchez de Espinal, Nora Ileana
9 (RLIN) 198046
Término indicativo de función/relación autor
245 13 - MENCIÓN DE TÍTULO
Título El deslinde y el amojonamiento /
Mención de responsabilidad, etc. Nora Ileana Jovel Sánchez de Espinal
250 ## - MENCIÓN DE EDICIÓN
Mención de edición Primera edición
260 ## - PUBLICACIÓN, DISTRIBUCIÓN, ETC.
Lugar de publicación, distribución, etc. Panamá :
Nombre del editor, distribuidor, etc. Organo Judicial,
Fecha de publicación, distribución, etc. 2008
300 ## - DESCRIPCIÓN FÍSICA
Extensión 111 páginas :
Dimensiones 21 x 12 cm
500 ## - NOTA GENERAL
Nota general Información del autor en la contraportada
505 ## - NOTA DE CONTENIDO CON FORMATO
Nota de contenido con formato 1. Deslinde y amojonamiento |<br/>2. Presupuestos procesales y materiales |<br/>3. Petición y requisitos probatorios |<br/>4. Diligencia de deslinde |<br/>5. El procedimiento en caso de oposición en línea |<br/>6. Principios procesales que rigen el deslinde |<br/>7. Oralidad en el proceso civil del siglo XXI |<br/>7. La prueba pericial en el deslinde y amojonamiento |<br/>Bibliografía
650 #7 - PUNTO DE ACCESO ADICIONAL DE MATERIA--TÉRMINO DE MATERIA
Término de materia o nombre geográfico como elemento de entrada Bienes raíces
Subdivisión geográfica Panamá
9 (RLIN) 198051
650 #7 - PUNTO DE ACCESO ADICIONAL DE MATERIA--TÉRMINO DE MATERIA
Término de materia o nombre geográfico como elemento de entrada Deslindes
Subdivisión geográfica Panamá
9 (RLIN) 198052
650 #7 - PUNTO DE ACCESO ADICIONAL DE MATERIA--TÉRMINO DE MATERIA
Fuente del encabezamiento o término lemb
Término de materia o nombre geográfico como elemento de entrada Derecho de bienes
Subdivisión geográfica Panamá
9 (RLIN) 198053
700 10 - PUNTO DE ACCESO ADICIONAL--NOMBRE DE PERSONA
Nombre de persona Espino G., Miguel
9 (RLIN) 198047
Término indicativo de función/relación prologuista
942 ## - ELEMENTOS DE PUNTO DE ACCESO ADICIONAL (KOHA)
Fuente del sistema de clasificación o colocación Sistema de Clasificación Decimal Dewey
Tipo de ítem Koha Libro (general)
Existencias
Estado de retiro Estado de pérdida Fuente del sistema de clasificación o colocación No para préstamo Código de colección Localización permanente Fecha de adquisición Total de préstamos Signatura topográfica completa Código de barras Fecha visto por última vez Precio válido a partir de Tipo de ítem Koha
  Disponible Sistema de Clasificación Decimal Dewey   General Biblioteca Central UNIBE 10/06/2025   345.17287 J869d 250920 31/07/2025 31/07/2025 Libro (general)